[Event "Sharjah Master 2024"]
[Site "Shsrjah - Abu Dhabi"]
[Date "2024.05.18"]
[Round "?"]
[White "Sethuraman, S.P."]
[Black "Erdogmus, Yagiz Kaan"]
[Result "0-1"]
[WhiteElo "2588"]
[BlackElo "2553"]
[PlyCount "98"]
[EventDate "2024.05.14"]
[EventCountry "UAE"]

{[%evp 10,98,28,25,29,27,28,26,25,31,30,27,46,11,21,10,23,14,11,2,-1,-25,-25,-13,0,-148,-138,-184,-162,-169,-162,-173,-171,-184,-183,-172,-179,-181,-171,-178,-151,-156,-149,-209,-205,-395,-374,-406,-394,-377,-375,-359,-350,-370,-197,-416,-405,-540,-524,-529,-506,-510,-517,-482,-481,-665,-655,-1135,-1134,-1126,-1126,-29994,-654,-654,-654,-648,-647,-654,-654,-654,-584,-630,-629,-562,-628,-614,-594,-671,-670,-657,-656]} 1. e4 c6 2. d4 d5 3. exd5 cxd5 4. Bd3 Nc6 5. c3 Qc7 6. h3 e6 7. Nf3 Bd6 8. O-O Nge7 {White has an edge.} ({RR} 8... Nf6 9. Re1 O-O 10. Nbd2 b6 11. Qe2 Ne7 12. Ne5 Bb7 13. Ng4 Nd7 14. Nf3 Ng6 15. Nfe5 Ndxe5 16. Nxe5 Rfe8 17. Bxg6 hxg6 18. Qd3 a5 19. h4 Ba6 20. Qh3 Bxe5 21. Rxe5 Qc4 22. Bf4 Qd3 23. Qg4 {Giri,A (2754)-Anton Guijarro,D (2670) Samarkand UZB 2023 ½-½ (52)} (23. Re3 $5 {[%cal Re3d3]} Qc2 24. Rae1 $11)) 9. Re1 O-O 10. b3 Ng6 $146 ({RR} 10... Rd8 11. Bb2 Ng6 12. c4 Be7 13. Nc3 Bf6 14. cxd5 (14. Rc1 $16) 14... exd5 15. Rc1 Nf4 16. Bb1 Ne6 {[#]} (16... Qd7 $14) 17. Na4 (17. Ne5 $1 $16) 17... Qf4 18. g3 Qd6 19. h4 g6 20. a3 (20. Nc5 $14) 20... b6 21. b4 Bd7 22. Bc2 Re8 23. Bb3 Bg7 24. Qd2 Nc7 25. Ne5 {Vykouk,J (2497)-Svane,R (2632) Apolda GER 2024 ½-½ (31)}) ({RR} 10... Bd7 11. c4 f6 12. Nc3 a6 13. a3 Rad8 14. Qc2 Kh8 15. Bd2 Bc8 ({Black should try} 15... Qb8 $14) 16. cxd5 exd5 17. Na4 g6 18. b4 Bf5 19. Nc5 Bxc5 20. bxc5 Rf7 21. Re2 Kg8 22. Rae1 Bxd3 23. Qxd3 Nf5 24. g4 Ng7 25. Kg2 {Chandra,A (2489)-Van Foreest,L (2512) Saint Louis USA 2024 ½-½} (25. Bh6 $16)) 11. Ba3 Bd7 12. Bxd6 Qxd6 13. Nbd2 Rac8 14. Nf1 Nf4 15. Bc2 f6 16. Ne3 Be8 17. h4 $2 {Mistake. g3 was best.} (17. g3) (17. g3 $11 {remains equal.} Nxh3+ 18. Kg2) 17... Bh5 $17 18. g4 Bg6 19. Bxg6 hxg6 ({Much less strong is} 19... Nxg6 20. Qd2 $15) 20. Ng2 Nh3+ 21. Kf1 e5 22. Ng1 Nxg1 23. Kxg1 e4 24. f4 b5 25. b4 Nd8 {[%cal Bc6d8,Bd8e6,Be6f4,Bf4h3][%mdl 32]} 26. Qb3 (26. Re3 $17) 26... f5 27. a4 $2 {Mistake. gxf5 was best.} (27. gxf5 gxf5) (27. gxf5 {was worth a try.} gxf5 28. a4) 27... Ne6 $19 28. axb5 Nxf4 {Threatens to win with ...Nh3+.} 29. Ra6 Nh3+ 30. Kh1 Qg3 31. Re3 Qxg4 $6 $40 {[%mdl 128] Inaccuracy. Nf2+ was best. Black wants a kill.} (31... Nf2+ 32. Kg1 Qxg4 33. Qxd5+ Kh8 34. Qe6 Rce8 35. Qxg6 f4 36. Qxg4 Nxg4 37. Nxf4) (31... Nf2+ $142 32. Kg1 Qxg4 33. Qxd5+ Kh8) 32. Qxd5+ $2 {Mistake. Kh2 was best.} (32. Kh2 Nf4) (32. Kh2 $142 Nf4 33. Rg3 Qxg3+ 34. Kxg3 Rxc3+ {[%mdl 64] Decoy} 35. Qxc3 Ne2+ {[%mdl 64] Double Attack} 36. Kf2 Nxc3 37. Ke3) 32... Kh7 33. Ra2 {If White can now play Kh2 this consolidates a bit.} f4 34. Qxe4 Rce8 {[%mdl 64] [#] Deflection} 35. Qxe8 Rxe8 36. Rxe8 {intending b6.} f3 37. Rf8 Qg3 {...Nf2+ is the strong threat.} 38. d5 $6 {Inaccuracy. b6 was best.} (38. b6 axb6 39. Rxf3 Qxf3 40. c4 Nf2+ 41. Rxf2 Qxf2 42. c5 Qxd4 43. cxb6 Qxb6) 38... Nf2+ 39. Rxf2 Qxf2 {[%csl Gf3][%cal Rf2g2][%mdl 4096] Endgame KQ-KRN} 40. Nf4 $4 {Checkmate is now unavoidable. Rxf3 was best.} (40. Rxf3 Qxf3 41. Kh2 Qxd5 42. Kg3 Qd2 43. c4 Qc3+ 44. Kf2 Qxc4 45. b6 axb6) 40... Qe1+ $4 {Lost forced checkmate sequence. Qg3 was best.} (40... Qg3 41. Rh8+ Kxh8 42. d6 f2 {[%cal Rf2f1]} 43. Nxg6+ Qxg6 {[%csl Gf2][%cal Rg6g1]} 44. Kh2 f1=Q {[%cal Rg6d6]} 45. d7 Qgg2#) (40... Qg3 $142 41. h5 g5 42. Rh8+ {[%mdl 64] Decoy} Kxh8 43. Ng6+ Kh7 44. Nf4 gxf4 45. d6 Qg2#) 41. Kh2 {Black is clearly winning.} f2 42. Nh3 {Intending Ng5+ and mate.} f1=N+ {[%mdl 64] Discovered Attack} 43. Kg2 Qg3+ 44. Kxf1 {Threatening mate with Ng5+.} Qxh3+ {KQ-KR} 45. Ke2 Qxc3 46. Rf4 Qe5+ 47. Kf3 Qxd5+ 48. Kg3 Qxb5 49. Rg4 Kh6 {Accuracy: White = 56%, Black = 89%.} 0-1

[Event "Sharjah Master 2024"]
[Site "Shsrjah - Abu Dhabi"]
[Date "2024.05.18"]
[Round "?"]
[White "Sivuk, Vitaly"]
[Black "Klimkowski, Jan"]
[Result "1-0"]
[WhiteElo "2541"]
[BlackElo "2517"]
[PlyCount "146"]
[EventDate "2024.05.14"]
[EventCountry "UAE"]

{[%evp 9,146,-35,1,3,23,25,28,21,25,23,31,29,39,34,67,73,64,31,83,82,91,90,80,84,88,50,50,34,34,37,141,105,71,78,94,93,135,140,157,117,162,169,161,164,169,156,160,154,186,190,190,185,237,212,198,50,54,0,22,17,18,20,20,14,24,16,29,26,37,0,0,0,0,0,0,-5,4,3,4,1,3,5,8,0,16,15,22,0,24,4,21,20,24,24,26,7,54,30,235,56,53,52,56,55,499,477,450,405,539,67,59,52,52,0,0,0,0,0,56,56,535,526,517,528,511,469,668,668,666,571,571,571,1218,1015,29950,8719,29958,29956,29988]} 1. d4 Nf6 2. c4 e6 3. Bg5 h6 4. Bh4 Bb4+ 5. Nd2 O-O (5... g5 $5 6. Bg3 $8 d6 $11) 6. Ngf3 d5 $146 ({RR} 6... b6 7. a3 Bxd2+ 8. Nxd2 Bb7 9. e3 d6 10. f3 Nbd7 11. Be2 c5 12. b4 Qc7 13. O-O Rac8 14. Rc1 Rfe8 15. Re1 Bc6 16. Nb1 e5 (16... a5 $16 {was necessary.}) 17. d5 Bb7 18. Nc3 a6 (18... Ra8 $16) 19. Bd3 (19. b5 $18) 19... Nh7 (19... cxb4 $16 20. axb4 Ra8) 20. Qc2 Nhf8 21. b5 {Grischuk,A (2732)-Maurizzi,M (2602) chess.com INT 2024 ½-½ (71)}) 7. Rc1 Nbd7 8. e3 {White has an edge.} c5 9. a3 Bxd2+ $1 10. Qxd2 cxd4 11. Qxd4 Qa5+ 12. Qd2 Qb6 13. b4 dxc4 14. Bxc4 a5 15. O-O axb4 16. axb4 Ne4 17. Qc2 Ndf6 18. b5 Bd7 19. Ne5 Qd6 $6 {Inaccuracy. Rfd8 was best.} (19... Rfd8 $1 20. Ng4 Rdc8 21. Rfd1 Be8 $1 22. Nxf6+ Nxf6 23. Qb2 Nd5 24. e4 Ra4 $1 25. Bd3) (19... Rfd8 $1 $14) 20. Nxd7 $16 Qxd7 21. Rfd1 Qc7 {[#]} 22. f3 $1 {[%cal Rf3e4]} Ng5 23. Bg3 Qb6 24. Qf2 Rfc8 $6 {Inaccuracy. Rfd8 was best.} (24... Rfd8 25. e4 Qxf2+ 26. Kxf2 Rxd1 27. Rxd1 Ngh7 28. e5 Nd5 29. Bxd5 exd5 30. Rxd5) 25. e4 $36 {[%mdl 2048] Black is under strong pressure.} Qa5 26. Qb2 Ngh7 27. Bf2 Nf8 28. b6 N6d7 29. Bf1 Rxc1 30. Rxc1 Rd8 31. Rc7 Qa8 32. Bd4 $2 {Mistake. Bh4 was best.} (32. Bh4 Rb8 33. Qd4 Qa5 34. Bf2 Nf6 35. Rc1 Ra8 36. Qb2 Rd8 37. Ra1 Qg5) (32. Bh4 $18 f6 33. Qc3) 32... e5 $1 $14 {[%cal Re5d4]} 33. Bxe5 $6 {Inaccuracy. Bf2 was best.} (33. Bf2 Ne6 34. Rc1 Nd4 35. Bxd4 exd4 36. Qxd4 Nf8 $1 37. Qb4 Ne6 38. e5 g5) 33... Ne6 34. Bg3 Nxc7 35. bxc7 Rc8 36. Qb5 Nf8 $1 37. h4 Qa7+ 38. Kh2 {Strongly threatening Bc4.} b6 $1 39. Bc4 Rxc7 40. Bxc7 Qxc7+ 41. g3 Nd7 42. f4 Kf8 43. e5 Nc5 44. Qb1 Ne6 45. Qe4 Qc5 46. f5 Qd4 47. Qa8+ Qd8 48. Qb7 Qc7 49. Qd5 Nd8 50. Kh3 Ke7 51. Bb5 Kf8 52. Kg4 Qe7 53. Kh5 g6+ $2 {Mistake. Qc7 was best.} (53... Qc7) (53... Nb7 $11 {and Black has nothing to worry.}) 54. fxg6 $2 {Mistake. Kxh6 was best.} (54. Kxh6 gxf5 55. Qd6 f6 56. Kg6 fxe5 57. Qxe7+ Kxe7 58. Kxf5 e4 (58... Nf7 $142) 59. Kxe4 Nf7) (54. Kxh6 $18 gxf5 55. Qd6) 54... Kg7 $1 55. gxf7 {[%mdl 64] [#] Overworked Piece} Nxf7 56. e6 Qf6 $4 {Blunder. Nd6 was best.} (56... Nd6 $1) ({Better is} 56... Nd6 $1 $14) 57. Bd3 $18 Ne5 58. Be4 b5 59. Qb7+ $4 {Blunder. Bc2 was best.} (59. Bc2 Ng6 60. Qe4 Nf8 61. e7 Qf7+ 62. Kg4 h5+ 63. Kh3 Qf1+ 64. Qg2 Qe1) (59. Bc2 $18) 59... Kf8 $14 60. Qh7 {And now Bd5 would win.} Qxe6 61. Qh8+ Ke7 {( -> ...Qg4+)} 62. Qg7+ Ke8 63. Bc2 Kd8 ({Black should play} 63... Nf7 $11 64. Qg4 Qd5+ 65. Qf5 Qxf5+ 66. Bxf5 Ke7) 64. Qf8+ Kc7 $4 {Blunder. Qe8+ was best.} (64... Qe8+ $1) ({Black should try} 64... Qe8+ $1 $14 65. Qxe8+ Kxe8 66. Kxh6 Kf7) 65. Bf5 $18 Qd5 {aiming for ...Nd7.} 66. Qc8+ Kb6 67. Qe6+ Kc5 (67... Qxe6 $142 68. Bxe6 Nf3) 68. Qxd5+ Kxd5 69. Kxh6 {Threatens to win with h5. KB-KN} b4 70. Kg7 b3 71. h5 Kd4 $6 {Inaccuracy. Nf3 was best.} (71... Nf3 72. h6) 72. h6 Nd3 73. Bxd3 Kd5 {Accuracy: White = 75%, Black = 57%.} 1-0

[Event "Sharjah Master 2024"]
[Site "Shsrjah - Abu Dhabi"]
[Date "2024.05.18"]
[Round "5.43"]
[White "Avila Pavas, Santiago"]
[Black "Suleymenov, Alisher"]
[Result "1-0"]
[WhiteElo "2514"]
[BlackElo "2499"]
[PlyCount "91"]
[EventDate "2024.05.14"]
[EventCountry "UAE"]

{[%evp 0,91,20,18,53,41,71,62,61,38,40,38,65,66,45,38,38,17,47,36,69,62,34,42,34,34,53,34,50,42,40,31,52,-1,38,51,65,38,64,45,40,42,61,36,58,57,62,69,63,64,85,29,38,43,54,61,86,105,196,88,142,88,182,182,255,266,289,188,310,307,315,315,323,315,323,327,333,299,309,319,343,319,375,373,426,441,508,530,552,547,563,528,528,541]} 1. e4 c5 2. Nf3 d6 3. d4 cxd4 4. Nxd4 Nf6 5. Nc3 a6 6. Be3 e5 7. Nb3 Be7 8. f3 Be6 9. Qd2 h5 10. Be2 Nbd7 11. a4 Qc7 12. O-O O-O 13. Rfc1 $146 ({RR} 13. a5 b5 14. axb6 Nxb6 15. Rxa6 Rxa6 16. Bxa6 Ra8 17. Bd3 d5 18. exd5 Nfxd5 19. Nb5 Qc6 20. Bf2 Nc4 21. Bxc4 Qxc4 22. Na3 Bxa3 23. bxa3 Rxa3 24. Nc5 Nf4 25. Re1 Rc3 26. Re4 Rxc2 27. Qd8+ Kh7 {Lindh,F (2256)-Okuno Okuno,R (1981) Fagernes NOR 2024 1-0 (36)}) 13... Nc5 14. Nxc5 dxc5 15. a5 h4 16. Na4 Rad8 17. Qc3 Rd4 18. Qe1 Nh5 19. Nb6 Nf4 20. Bxf4 exf4 21. c3 Rd6 22. Bc4 Bxc4 23. Nxc4 Rg6 $2 {Mistake. Re6 was best.} (23... Re6) 24. h3 Qc8 25. Kh2 Qe6 26. Qe2 Rg3 27. Rd1 g5 28. Rd5 Qh6 29. Ne5 Qe6 30. Qc4 b5 31. axb6 Qxb6 32. Rd2 Qb5 $6 {Inaccuracy. a5 was best.} (32... a5 33. Rad1 a4 34. Qxa4 Qe6 35. Ng4 Kg7 36. Rd5 Rb8 37. R1d2 Rb6 38. Qe8) 33. Qxb5 axb5 34. Ra7 (34. Ra6) 34... Re8 35. Rdd7 Bf8 36. Ng4 Rxg4 37. hxg4 f6 38. Kg1 b4 39. c4 Kh8 40. Kf2 Rb8 41. Ke2 Re8 42. Rf7 Rd8 43. b3 Bd6 44. Rxf6 Be5 45. Rf5 Bc3 46. Rd5 1-0

[Event "Sharjah Master 2024"]
[Site "Shsrjah - Abu Dhabi"]
[Date "2024.05.19"]
[Round "6.1"]
[White "Shankland, Sam"]
[Black "Aravindh, Chithambaram VR."]
[Result "1/2-1/2"]
[WhiteElo "2671"]
[BlackElo "2670"]
[PlyCount "47"]
[EventDate "2024.05.14"]
[EventCountry "UAE"]

{[%evp 0,47,20,13,35,13,23,27,27,8,2,6,6,-18,3,-34,31,-14,-1,17,7,7,19,4,-6,-20,19,6,-28,-45,-48,-35,-16,-8,-5,-10,10,29,19,19,19,5,61,-14,17,-15,-15,-15,5,-31]} 1. d4 d5 2. Nf3 Bf5 3. Bf4 e6 4. Nbd2 Bd6 5. Bxd6 $146 ({RR} 5. e3 Bxf4 6. exf4 Ne7 7. g3 O-O 8. Bg2 h6 9. O-O Nd7 10. Re1 b6 11. c4 c6 12. Qb3 a5 13. Rac1 Qb8 14. Qa3 Re8 15. Bf1 Qb7 16. cxd5 Nxd5 17. Nc4 Red8 18. Nd6 Qc7 19. Ne5 Nxe5 {Suleymanli,A (2609)-Indjic,A (2595) chess.com INT 2024 1-0 (43)}) 5... Qxd6 6. c4 Nf6 7. Qb3 b6 8. Rc1 O-O 9. e3 Nbd7 10. cxd5 exd5 11. Ba6 c5 12. Qa3 Ne8 13. dxc5 bxc5 14. Bb5 Nef6 15. O-O Qb6 16. Bxd7 Nxd7 17. Rfd1 Rfc8 18. e4 dxe4 19. Nxe4 Bxe4 20. Rxd7 Rd8 21. Rcd1 h6 22. h3 Rxd7 23. Rxd7 Qe6 24. Rd1 1/2-1/2

[Event "Sharjah Master 2024"]
[Site "Shsrjah - Abu Dhabi"]
[Date "2024.05.19"]
[Round "?"]
[White "Daneshvar, Bardiya"]
[Black "Niemann, Hans Moke"]
[Result "1/2-1/2"]
[WhiteElo "2581"]
[BlackElo "2688"]
[PlyCount "90"]
[EventDate "2024.05.14"]
[EventCountry "UAE"]

1. d4 Nf6 2. c4 e6 3. Nf3 d5 4. Nc3 c6 5. e3 Nbd7 6. Qc2 Bd6 7. Bd3 dxc4 8. Bxc4 b5 9. Bd3 Bb7 10. O-O O-O 11. e4 e5 12. h3 Re8 13. dxe5 ({RR} 13. Be3 a6 14. dxe5 Nxe5 15. Nxe5 Bxe5 16. Rad1 Qe7 17. Ne2 Bd6 18. Nd4 g6 19. Nb3 c5 20. Bxc5 Nxe4 21. Bxd6 Nxd6 22. Nc5 Rac8 23. b4 Qg5 24. f4 Qf6 25. Kh2 a5 26. a3 axb4 27. axb4 Ba8 {Ghosh,D (2559)-Manish Anto,C (2286) Nashik IND 2024 0-1 (44)}) 13... Nxe5 14. Nxe5 Bxe5 15. Be3 Bd4 $146 ({RR} 15... a6 16. a4 Bd4 17. Bxd4 Qxd4 18. Rad1 Qc5 19. Qb1 Rad8 20. Kh2 g5 21. Qc1 Qe5+ 22. Kg1 Rd6 23. Bc2 Rxd1 24. Rxd1 Bc8 25. Ne2 c5 26. axb5 axb5 27. b4 cxb4 28. Nd4 h6 29. Nf3 Qf4 30. Qxf4 {Fernandez De La Vara,A (2455)-Zhou Jianchao (2562) Las Vegas USA 2023 ½-½ (49)}) 16. Rae1 a6 17. Bxd4 Qxd4 18. Ne2 Qb6 19. Ng3 g6 $6 {Inaccuracy. c5 was best.} (19... c5) 20. e5 Nd5 21. Ne4 Rad8 22. Qd2 Rxe5 23. Nf6+ Nxf6 24. Rxe5 c5 25. Qe3 Kg7 26. Re1 Rd4 27. Bf1 Qd6 28. Qc3 Nd5 29. Qc1 h5 30. b3 $6 {Inaccuracy. R1e4 was best.} (30. R1e4 Bc6) 30... Bc8 $6 {Inaccuracy. b4 was best.} (30... b4) 31. R5e4 Bf5 32. Rxd4 cxd4 33. Rd1 Nf4 34. Qb2 Ne6 35. h4 Be4 36. Qd2 Bb7 37. a4 Qd8 $6 {Inaccuracy. Bd5 was best.} (37... Bd5) 38. axb5 axb5 39. Qe2 Qxh4 40. Qxb5 $6 {Inaccuracy. Qe5+ was best.} (40. Qe5+ Qf6) 40... Qe4 41. Qd3 $6 {Inaccuracy. Qe2 was best.} (41. Qe2) 41... Qg4 42. Qe2 Qg5 43. Re1 Nf4 44. Qe5+ Qxe5 45. Rxe5 d3 1/2-1/2

[Event "Sharjah Master 2024"]
[Site "Shsrjah - Abu Dhabi"]
[Date "2024.05.19"]
[Round "?"]
[White "Salem, A.R. Saleh"]
[Black "Tabatabaei, M. Amin"]
[Result "1/2-1/2"]
[WhiteElo "2629"]
[BlackElo "2707"]
[PlyCount "120"]
[EventDate "2024.05.14"]
[EventCountry "UAE"]

1. d4 Nf6 2. c4 e6 3. Nf3 d5 4. g3 Bb4+ 5. Bd2 Be7 6. Bg2 O-O 7. O-O Nbd7 8. Qc2 c6 9. Rd1 b6 10. b3 a5 11. Bc3 Bb7 $146 ({RR} 11... Ne4 12. Bb2 f5 13. cxd5 cxd5 14. Qc6 Bb7 15. Qxb7 Nd6 16. Qc6 Rc8 17. Qa4 b5 18. Qa3 Nc4 19. bxc4 Bxa3 20. Nxa3 b4 21. cxd5 exd5 22. Ne5 Nf6 23. Nb1 Rc2 24. Bc1 Ne4 25. Be3 Rxe2 26. Nd2 {Bok,B (2620)-Keymer,V (2738) chess.com INT 2024 0-1 (41)}) ({RR} 11... Ba6 12. Nbd2 b5 13. e4 bxc4 14. e5 cxb3 15. axb3 Ng4 16. Bxa5 Qc8 17. Rdc1 c5 18. h3 Nh6 19. dxc5 Bxc5 20. b4 Be7 21. Qa4 Qe8 22. Bc7 Be2 23. Qb3 Rxa1 24. Rxa1 Qc8 25. Ra7 Nf5 26. g4 {Elsness,F (2436)-Urkedal,F (2525) Kragero NOR 2024 1-0 (56)}) 12. Nbd2 Qc7 13. Bb2 c5 14. cxd5 exd5 15. a4 Nb8 16. Rac1 Na6 17. dxc5 bxc5 18. Nd4 Nb4 19. Qb1 Rfe8 20. Nf5 Ba6 21. Bf1 Qb6 22. e4 Bxf1 23. Rxf1 dxe4 24. Nxe7+ Rxe7 25. Bxf6 Qxf6 $6 {Inaccuracy. gxf6 was best.} (25... gxf6 26. Nxe4 Rd8 27. Rcd1 Rd4 28. Nc3 Re5 29. Nb5 Rxd1 30. Qxd1 Qe6 31. Qd6) 26. Nxe4 Qg6 27. Rc4 Na6 $6 {Inaccuracy. h6 was best.} (27... h6) 28. Rd1 Re6 29. Qd3 h6 30. Nxc5 Qxd3 31. Rxd3 Nxc5 32. Rxc5 Rb6 33. Rb5 $2 {Mistake. Rc7 was best.} (33. Rc7 Rab8 34. Rf3 f6 35. Rd3 R6b7 36. Rxb7 Rxb7 37. Kf1 Rc7 38. h4 g6) 33... Rxb5 34. axb5 Kf8 35. Kg2 Ke7 36. Kf3 Rc8 37. Ke4 Rc5 $4 {Blunder. Ke6 was best.} (37... Ke6 38. b4 Rc4+ 39. Rd4 Rc3 40. g4 a4 41. b6 Rc6 42. Kd3 Rxb6 43. Kc3) 38. Rd5 Rc3 39. b4 a4 40. Kd4 Rc1 41. Rc5 Rb1 42. Rc7+ $4 {Blunder. Kc4 was best.} (42. Kc4 Rc1+ 43. Kd4 Rb1 44. Kd5 Kd8 45. b6 Rxb4 46. Kc6 Kc8 47. Re5 Rc4+) 42... Kd6 43. Rc6+ Kd7 44. Ra6 Rxb4+ 45. Kc5 Rb2 46. Rxa4 Rxf2 47. Rf4 Rc2+ 48. Kb6 Ke6 49. h4 g5 50. Ra4 Rc3 51. hxg5 hxg5 52. g4 f5 53. gxf5+ Kxf5 54. Ka6 g4 55. b6 Rb3 56. Ra5+ Ke4 57. b7 Rxb7 58. Kxb7 g3 59. Ra3 Kf4 60. Rxg3 Kxg3 1/2-1/2

[Event "Sharjah Master 2024"]
[Site "Shsrjah - Abu Dhabi"]
[Date "2024.05.19"]
[Round "?"]
[White "Yuffa, Daniil"]
[Black "Erigaisi Arjun"]
[Result "0-1"]
[WhiteElo "2617"]
[BlackElo "2761"]
[PlyCount "84"]
[EventDate "2024.05.14"]
[EventCountry "UAE"]

{[%evp 9,84,96,99,99,99,94,102,66,88,72,75,48,55,55,89,82,89,23,20,36,24,21,32,27,39,-2,-8,-99,-100,-94,0,0,0,0,0,0,0,0,0,-57,0,0,0,0,55,21,19,-16,-19,-16,-4,-22,10,0,0,0,0,0,0,-82,-57,-269,-7,-5,-9,-9,-10,-325,-327,-327,-327,-513,-508,-507,-507,-564,-553]} 1. d4 Nf6 2. c4 b6 3. Nc3 Bb7 4. Qc2 Nc6 ({RR} 4... g6 5. e4 d6 6. Bg5 Nbd7 7. Be2 Bg7 8. Rd1 O-O 9. Nf3 h6 10. Be3 e5 11. O-O exd4 12. Nxd4 a6 13. f3 Re8 14. Qd2 Kh7 15. Rfe1 Nh5 16. Bf1 Ne5 17. Nc2 Rb8 18. Be2 Nd7 19. Nd5 {KomodoDragon 3.2 (3587)-Stockfish dev-20230903-b25d68 (3666) tcec-chess.com INT 2023 ½-½ (75)}) 5. Nf3 Nb4 $146 ({RR} 5... e6 6. e4 $1 d6 7. d5 Ne7 ({Better is} 7... Ne5) 8. Bd3 e5 9. Bg5 Ng6 (9... Nd7 $16) 10. Qa4+ Qd7 11. Qxd7+ Kxd7 12. Bxf6 gxf6 13. g3 a5 14. Bf1 Ke7 15. Bh3 h5 16. Nb5 Kd8 17. Ke2 h4 18. Bf5 Bc8 19. Bxg6 fxg6 20. Nxh4 {So,W (2757)-Pranesh,M (2538) chess.com INT 2024 1-0 (38)}) 6. Qb1 Bxf3 7. gxf3 g6 8. f4 {White is better.} Bg7 9. Bg2 Rb8 10. a3 Nc6 11. Qd3 O-O 12. e4 e6 13. Be3 $6 {Inaccuracy. Bf3 was best.} (13. Bf3 Ne7) (13. Bf3 $16) 13... Nh5 $11 14. Bf3 Qh4 $1 15. Ne2 a6 16. Rg1 b5 {White must now prevent ...bxc4.} 17. c5 b4 $1 18. Rg5 $6 {Inaccuracy. e5 was best.} (18. e5 bxa3 19. Qxa3 a5 20. Rg4 Qh3 21. Ng1 $1 {[%cal Rg1h3]} Qxh2 22. O-O-O f5 23. exf6 Bxf6) (18. Qd2 $11 {keeps the balance.}) 18... bxa3 $17 19. bxa3 Nxd4 $6 {Inaccuracy. Rb5 was best.} (19... Rb5) (19... Qxh2 20. O-O-O $16) (19... Rb5 $17 20. Rd1 Bh6) 20. Nxd4 $11 {Bxh5 is the strong threat.} (20. Bxd4 Nxf4 21. Nxf4 Qxg5 $15) 20... Nxf4 21. Bxf4 Qxf4 22. Rg3 $1 Qe5 23. Rd1 Qxc5 24. Kf1 (24. Be2 $11) 24... Rb2 (24... Rb6 $15 25. Ne2 Rd6) 25. Be2 Rfb8 ({Don't play} 25... e5 $6 26. Nf3 $16) 26. Qc4 Qb6 $6 {Inaccuracy. Qxc4 was best.} (26... Qxc4 27. Bxc4) 27. Rgd3 c6 28. Nf3 d5 $1 {[%cal Rd5c4]} 29. exd5 cxd5 30. Qf4 h6 31. h4 Rc8 32. Ne5 Rc7 {With the idea ...Rxe2!} 33. Re3 Qb7 34. Nd3 $6 {Inaccuracy. Qf3 was best.} (34. Qf3 h5 35. Nxg6 fxg6 36. Rxe6 Re7 37. Rxe7 Qxe7 38. Rxd5 Qxh4 39. Kg2 Rb6) (34. Qf3 $11) 34... d4 $1 $17 {[%cal Rb7h1][%mdl 1024] Black has strong compensation.} 35. Re4 $4 {[#] Blunder. Rg3 was best.} (35. Rg3 e5 36. Qg4 h5 37. Qg5 Rxe2 $1 38. Kxe2 Rc2+ 39. Rd2 Rc3 40. Ne1 Qe4+) (35. Rh3 $15 e5 36. Qg3) 35... Rb5 $4 {Blunder. Rxe2 was best.} (35... Rxe2 $1) ({Black should play} 35... Rxe2 $1 $19 {[%mdl 512]} 36. Kxe2 (36. Rxe2 Qh1#) 36... g5 37. hxg5 hxg5) 36. Bf3 $1 $132 {[%mdl 2048] Hoping for Rxe6! White has counterplay} Rf5 37. Qg3 Rc3 38. Rf4 $4 {[#] Blunder. h5 was best.} (38. h5 Qb3 39. Be2 g5 40. Kg1 a5 41. a4 Qxa4 42. Qb8+ Kh7 43. Qb7 Qe8) (38. h5 $11) 38... Qb3 $1 $19 39. Rxf5 Rxd3 ({Inferior is} 39... exf5 40. Be2 $11) (39... gxf5 40. Ke2 $11) 40. Rxf7 $2 {Mistake. Rf4 was best.} (40. Rf4 Be5 41. Kg2 Rxd1 42. Bxd1 Qd5+ 43. Qf3 Bxf4 44. Qxd5 exd5 45. a4 Bd6) (40. Rf4 $142 Rxd1+ 41. Bxd1 Qxd1+ 42. Kg2) 40... Rxd1+ {Black is clearly winning.} ({Weaker is} 40... Kxf7 41. Qf4+ Kg8 42. Rxd3 $17) 41. Kg2 Kxf7 42. Qc7+ Kg8 {Accuracy: White = 59%, Black = 79%.} 0-1

[Event "Sharjah Master 2024"]
[Site "Shsrjah - Abu Dhabi"]
[Date "2024.05.19"]
[Round "?"]
[White "Murzin, Volodar"]
[Black "Yu, Yangyi"]
[Result "1/2-1/2"]
[WhiteElo "2631"]
[BlackElo "2728"]
[PlyCount "26"]
[EventDate "2024.05.14"]
[EventCountry "UAE"]

1. e4 e5 2. Nf3 Nc6 3. Bb5 Nf6 4. O-O Nxe4 5. Re1 Nd6 6. Nxe5 Be7 7. Bf1 Nf5 8. Nf3 O-O 9. d4 d5 10. c3 Bd6 11. Nbd2 Re8 12. Rxe8+ Qxe8 13. Bd3 Nce7 $146 ({RR} 13... Bd7 14. Nf1 f6 15. Qc2 g6 16. Bd2 Qf7 17. Re1 Nce7 18. Ng3 Nxg3 19. hxg3 Kg7 20. c4 c6 21. Qb3 b6 22. Bb4 Bxb4 23. Qxb4 Re8 24. c5 b5 25. Qa5 Nc8 26. Qc7 Bf5 27. Qxc6 Rxe1+ 28. Nxe1 {Kovalev,V (2579)-Fressinet,L (2637) chess.com INT 2024 1-0 (35)}) ({RR} 13... f6 14. Nf1 Nce7 15. Qc2 g6 16. Bd2 Bd7 17. Re1 c6 18. c4 Qf7 19. Qb3 b6 20. Bb4 c5 21. Ba3 b5 22. Bxf5 dxc4 23. Qc3 Nxf5 24. Bxc5 a5 25. Ng3 b4 26. Qc1 Bxc5 27. dxc5 Rc8 28. Ne4 {Yoo,C (2600)-Le,Q (2731) chess.com INT 2024 ½-½ (60)}) ({RR} 13... h6 14. Qc2 Qe6 15. Nf1 Qf6 16. Bd2 Be6 17. Re1 a6 18. h3 Nh4 19. Nxh4 Qxh4 20. Ne3 Ne7 21. Qd1 c5 22. dxc5 Bxc5 23. Qf3 Rd8 24. Ng4 Bxg4 25. hxg4 Ng6 26. Qf5 Bd6 27. g3 Qf6 28. Qxf6 {Lagno,K (2542)-Goryachkina,A (2553) Samarkand UZB 2023 1-0 (53)}) 1/2-1/2